000 00908naa a22002777a 4500
001 BR8105380
003 BR-BrBNA
005 20240918174842.0
007 ta
008 230509b bl.||||| |||| 00| 0 por d
040 _aBR-BrBNA
_bpor
_cBiblioteca Nacional de Agricultura
041 _a(Pt)
072 _aF50
_b1190
090 _aF50 BR8105380
100 1 _aMoura, R.J.M. de
100 1 _aBezerra, J.E.F.
245 1 _aAvaliacao em uma populacao de sapotizeiro [Achras zapota L.]
260 3 _aRecife, PE (Brasil):
_c1981.
500 _aAtuacao do IPA no ambito do POLONORDESTE Recife, PE (Brasil): 1981. v. 2 p. 376-380 (BR8105380-AM)F50
650 _aSAPOTI
650 _aFRUTA
650 _aANATOMIA VEGETAL
773 0 _tAtuacao do IPA no ambito do POLONORDESTE
_wF50 BR8105380
_gRecife, PE (Brasil), 1981. v. 2 p. 376-380
909 _a202404
_bLucia
_c55
_dLucia Elande
942 _cAM
_2AGRIS
999 _c314010
_d314010